00906nam a22002537a 45000010005000000030006000050050017000110080041000280200018000690400029000870500015001160820012001311000016001432450060001592500054002192600037002733000050003105050008003605200175003685210020005435210020005636500034005837000035006177982FISKH20250815162846.0250815b cb ||||| |||| 00| 0 eng d a9780545057370 aFISKHbengcFISKHdFISKH aCT217 .R66 a973.099 aRoop, Peter aTales of famous Americans / cBy Connie and Peter Roop  aFirst Scholastic paperback printing, January 2008 aNew York :bScholastic , c2007. a108 pages : bcolor illustrations ;c28 cm .  aR  a"A perfect introduction to some of the people who built, changed, and challenged our nation. Tales of famous Americans is sure to delight young readers"--Page 4 of cover.8 a740 bLexile 8 aR bRaz-Plus  aFamous AmericansvNon-fiction aPowell, Charlie eIllustrator